| 000 | 00826nam a22002297a 4500 | ||
|---|---|---|---|
| 999 |
_c8547 _d8547 |
||
| 003 | AR-CdUCM | ||
| 008 | 190312b ||||| |||| 00| 0 spa d | ||
| 040 |
_aMUNICIPALIDAD PROVINCIAL DEL CUSCO _cBIBLIOTECA MUNICIPAL DEL CUSCO |
||
| 082 |
_a985.008 / _bD72LO |
||
| 110 |
_aDocumental del Perú _916724 |
||
| 245 |
_aDocumental del Perú : _bDepartamento de Loreto / |
||
| 260 |
_aLima : _bIoppe, _c1973. |
||
| 300 |
_a158 páginas ; _bIlustraciones en color y b/n. _c21 cm. |
||
| 505 | _aContenido: Loreto --Turismo -- Folklore -- Historia -- Cultura e Instituciones -- Producción y desarrollo... | ||
| 650 |
_aTurismo. _943990 |
||
| 650 |
_aHistoria . _943991 |
||
| 650 |
_aGuía Turística. _916725 |
||
| 650 |
_aDepartamentos. _914667 |
||
| 700 |
_aCortazar, Pedro Felipe _923946 |
||
| 942 |
_2ddc _cLIBROS |
||
| 945 | _awfj | ||